header

Irrigation management, technologies and environmental impact (Record no. 5123)

MARC details
000 -LEADER
fixed length control field 01206nam a2200301Ia 4500
245 00 - TITLE STATEMENT
Title Irrigation management, technologies and environmental impact
260 ## - PUBLICATION, DISTRIBUTION, ETC. (IMPRINT)
Place of publication [Hauppauge] NY :
Name of publisher Nova Publishers,
Year of publication 2013.
300 ## - PHYSICAL DESCRIPTION
Number of Pages x, 313 p.
490 0# - SERIES STATEMENT
Series statement Environmental science, engineering and technology
650 #0 - SUBJECT ADDED ENTRY--TOPICAL TERM
Topical Term Irrigation
Topical Term Irrigation
700 1# - ADDED ENTRY--PERSONAL NAME
Personal name Ali, M. Hossain.
856 40 - ELECTRONIC LOCATION AND ACCESS
Uniform Resource Identifier http://site.ebrary.com/lib/rucke/Doc?id=10704302

No items available.

© 2026 Rongo University
Contact us: librarian | system librarian | Rongo university